000 00369nam a2200157Ia 4500
008 230711s9999||||xx |||||||||||||| ||und||
041 _aENG
082 _a720
_bBE-H
100 _aBecker,Franklin D
245 0 _aHousing messages
250 _a1st . Ed.
260 _c1977
_aKanpur
_bDowden, Hutchinson & Ross
300 _a142
650 _aArchitecture
942 _cBK
999 _c1957
_d1957